00348 a2200097 4500001001000000005001700010008004100027245007700068100003400145773007100179ART_4020220260410161952.0260409a 10aAnálisis del servicio público de gas domiciliario desde la ley 240761 aAlvarez Larrondo, Federico M.0 tTemas de derecho comercialg- Año 2, Nº 9 (sep. 2016)wREV28151